Responses for Show #6417 - Tuesday, July 10, 2012

Contestants

[<< previous game]

Jennifer Morgan, a stay-at-home mom from Norcross, Georgia

Prabhu Balasubramanian, a product manager from Mountain View, California

Stephanie Fontaine, an analyst from Arlington, Virginia (whose 3-day cash winnings total $54,500)

[next game >>]

Jeopardy! Round responses

CHAIRMEN OF THE FEDERAL RESERVE
AT THE BEACH
ILLINOIS STATE SYMBOLS
FACTS ABOUT AUTHORS
NO. 1 IN THE NFL DRAFT
(Alex: You have to tell us which team drafted that individual No. 1.)
"PIC" ME!
    $200 26
Treasury

Stephanie
    $200 1
a shell

Jennifer
    $200 6
the apple

Prabhu
    $200 11
Ibsen

Jennifer
    $200 16
the Indianapolis Colts

Prabhu
    $200 21
the piccolo

Prabhu
    $400 27
millionaire

Stephanie
    $400 2
(Jennifer: What is twelve?)
(Stephanie: What is eight?)

six

StephaniePrabhuJennifer
    $400 7
square dance

Prabhu
    $400 12
Ayn Rand

Stephanie
    $400 17
the Steelers

Stephanie
    $400 22
a pickle

Prabhu
    $600 28
(Jennifer: What is Black Friday?)
(Prabhu: What is Black Monday?)

Black Thursday

PrabhuJennifer
Triple Stumper
    $600 3
sand

Prabhu
    $600 8
the cardinal

Prabhu
    $600 13
(Jennifer: What is Oxford?)

Amherst

StephanieJennifer
    $600 18
the Falcons

Prabhu
    $600 23
Picnic

Triple Stumper
    $800 29
Greenspan

Stephanie
    $800 4
(Jennifer: What is hacienda?)

a cabana

StephanieJennifer
    $800 9
the monarch butterfly

Prabhu
    $800 14
(Prabhu: What is The Atlantic?)

The New Yorker

Prabhu
Triple Stumper
    $800 19
the Lions

Stephanie
    $800 24
picante

Stephanie
    $600 5
surfboards

Stephanie
    $1000 10
(Jennifer: What is elm?)
(Stephanie: What is birch?)

oak

StephanieJennifer
Triple Stumper
    $1000 15
Jeeves

Triple Stumper
    $1000 20
the Dallas Cowboys

Triple Stumper
    $1000 25
pick and roll

Stephanie

Scores at the first commercial break (after clue 15):

Stephanie Prabhu Jennifer
$1,000 $2,200 -$2,400

Scores at the end of the Jeopardy! Round:

Stephanie Prabhu Jennifer
$5,400 $3,000 -$3,000

Double Jeopardy! Round responses

SCIENTIFIC THEORIES
AUSTRALIAN HISTORY
OSCAR-WINNING DIRECTORS OF THE 1980s
FAMOUS AFRICAN AMERICANS
RELIGIOUS MATTERS
WHAT DO YOU "GN"OW?
    $400 9
relativity

Prabhu
    $400 5
prisoners (or convicts)

Jennifer
    $400 1
(Prabhu: What is Apocalypse Now?)

Platoon

StephaniePrabhu
    $400 19
Berry Gordy

Triple Stumper
    $400 24
Hinduism

Stephanie
    $400 14
a gnome

Stephanie
    $800 10
the big bang theory

Prabhu
    $800 6
Tasmania

Prabhu
    $800 2
(Jennifer: What is Apocalypse Now?)

Born on the Fourth of July

Jennifer
Triple Stumper
    $800 20
Arthur Ashe

Jennifer
    $800 25
Passover

Stephanie
    $800 15
gnarly

Stephanie
    $1200 11
chaos theory

Prabhu
    $1200 7
World War I

Stephanie
    $1200 3
(Jennifer: What is Butch Cassidy and the Sundance Kid?)
...
(Alex: [*], remember Donald Sutherland, Mary Tyler Moore?)

Ordinary People

Jennifer
Triple Stumper
    $1200 21
Maya Angelou

Prabhu
    $1200 26
the Koran

Prabhu
    $1200 16
gnash

Jennifer
    $3,000 12
gravity

Prabhu
    $1600 8
Ned Kelly

Triple Stumper
    $1600 4
(Stephanie: What is On Golden Pond?)
(Jennifer: What is Shampoo?)

Reds

StephanieJennifer
Triple Stumper
    $1600 22
(Alex: The master of rag--time, [*].)

Scott Joplin

Triple Stumper
    $3,000 27
(Prabhu: [No response])

Mary Baker Eddy

Prabhu
    $1600 17
a gnu

Jennifer
    $2000 13
grand unified theories

Triple Stumper
    $2000 23
(David) Dinkins

Stephanie
    $2000 28
[end-of-round signal sounds]

Joseph Smith

Stephanie
    $2000 18
[Alex spelled out the response.]

gneiss

Triple Stumper

Scores at the end of the Double Jeopardy! Round:

Stephanie Prabhu Jennifer
$11,800 $8,200 -$2,600

[wagering suggestions for these scores]

Final Jeopardy! Round responses

ENTREPRENEURS
PrabhuWho was Steve Jobs?
$999
StephanieWho is Bill Gates?
$4,800
Steve Jobs

Final scores:

Stephanie Prabhu Jennifer
$7,000 $9,199 -$2,600
2nd place: $2,000 New champion: $9,199 3rd place: $1,000

Game dynamics:

Coryat scores:

Stephanie Prabhu Jennifer
$12,200 $9,800 -$2,600
19 R
(including 1 DD),
3 W
17 R
(including 1 DD),
4 W
(including 1 DD)
6 R,
8 W

Combined Coryat: $19,400

[game clues] [game scores] [suggest correction]

Game tape date: 2012-03-06
The J! Archive is created by fans, for fans. Scraping, republication, monetization, and malicious use prohibited; this site may use cookies and collect identifying information. See terms. The Jeopardy! game show and all elements thereof, including but not limited to copyright and trademark thereto, are the property of Jeopardy Productions, Inc. and are protected under law. This website is not affiliated with, sponsored by, or operated by Jeopardy Productions, Inc. Join the discussion at JBoard.tv.